Normal view
MARC view
- S.ILango
Entry Personal Name
001 - CONTROL NUMBER
- control field: 124494
003 - CONTROL NUMBER IDENTIFIER
- control field: NUST
005 - DATE AND TIME OF LATEST TRANSACTION
- control field: 20240712114551.0
008 - FIXED-LENGTH DATA ELEMENTS
- fixed length control field: 240712|| aca||aabn | a|a d
040 ## - CATALOGING SOURCE
- Original cataloging agency: NUST
- Transcribing agency: NUST
100 ## - HEADING--PERSONAL NAME
- Personal name: S.ILango
670 ## - SOURCE DATA FOUND
- Source citation: Work cat.: (NUST): S.ILango, Introduction to Hydraulics and Pneumatics, 2011.
